Structural analysis (Record no. 58657)

MARC details
000 -LEADER
fixed length control field 00694nam a2200205 a 4500
008 - FIXED-LENGTH DATA ELEMENTS--GENERAL INFORMATION
fixed length control field 120416s2003 ||||||||||||||||| || u
020 ## - INTERNATIONAL STANDARD BOOK NUMBER
International Standard Book Number 041924610X
050 ## - LIBRARY OF CONGRESS CALL NUMBER
Classification number TA 645 Gha
100 ## - MAIN ENTRY--PERSONAL NAME
Personal name Ghali, A
245 10 - TITLE STATEMENT
Title Structural analysis
246 ## - VARYING FORM OF TITLE
Title proper/short title a unified classical and matrix approach
250 ## - EDITION STATEMENT
Edition statement 5th ed.
260 ## - PUBLICATION, DISTRIBUTION, ETC.
Place of publication, distribution, etc. London
Name of publisher, distributor, etc. Spon Press
Date of publication, distribution, etc. 2003
300 ## - PHYSICAL DESCRIPTION
Extent xxiii, 844p. : ill.
350 ## - PRICE (NR) (BK AM CF MU VM SE) [OBSOLETE]
Price 0.00
650 ## - SUBJECT ADDED ENTRY--TOPICAL TERM
Topical term or geographic name entry element ARCHITECTURAL DESIGN--EVALUATION
650 ## - SUBJECT ADDED ENTRY--TOPICAL TERM
Topical term or geographic name entry element STRUCTURAL ANALYSIS (ENGINEERING)--ARCHITECTURE
700 ## - ADDED ENTRY--PERSONAL NAME
Personal name Brown, T. G
995 ## - RECOMMENDATION 995 [LOCAL, UNIMARC FRANCE]
-- 0.00
-- CBU-MAIN LIBRARY (Kitwe)
-- 1
-- 37.75
-- 1
-- DAMAGED
-- Main Library Open Access Collection
Holdings
Withdrawn status Lost status Source of classification or shelving scheme Damaged status Not for loan Home library Current library Shelving location Date acquired Total Checkouts Full call number Barcode Date last seen Price effective from Koha item type
          CBU-MAIN LIBRARY, KITWE. CBU-MAIN LIBRARY, KITWE.   11/30/2022   TA 645 Gha 38949 11/30/2022 11/30/2022 MONOGRAPH